00955nab a22002057a 4500999001500000003000400015005001700019008004100036040000700077100002900084245010700113260007200220300001500292500003800307505013200345505008900477650002600566773014400592942001300736 c5714d5714OSt20251230235711.0190605e xxu||||| |||| 00| 0 spa d cPJ 94574aGabet, Emiliano A.13aEl pensamiento de "Enrique M. Falcón" : bsu incidencia en el derecho procesal /cEmiliano A. Gabet. aCiudad Autónoma de Buenos Aires :bThomson Reuters La Ley,c2024. ap. 201-210 aCita: TR LALEY AR/DOC/2093/2024  aSumario: I. Introducción.— II. Citas de su pensamiento en artículos de doctrina de su autoría.— III. Bibliografía.  t¿Te interesa el texto completo? Solicitalo al correo: koha@justierradelfuego.gov.ar 091316aDERECHO LABORAL0 0271193168dCiudad Autónoma de Buenos Aires : Thomson Reuters La Ley, 1999-2002.tRevista de derecho del trabajo. Nº 5 - Septiembre 2024 2udccANA